|
|
|
|
| LEADER |
00000nab a2200000 a 4500 |
| 001 |
vtls010519314 |
| 003 |
SK-MaSNL |
| 005 |
20260305014921.0 |
| 008 |
130613 2013 xo 000 0 slo |
| 038 |
|
|
|a PPPK
|
| 040 |
|
|
|a PPPKCL
|b slo
|c PPPK
|e AACR2
|
| 041 |
0 |
|
|a slo
|
| 044 |
|
|
|a xo
|c SK
|
| 080 |
|
|
|a 614.842.83
|2 2001
|
| 080 |
|
|
|a 396.332
|2 2001
|
| 100 |
1 |
|
|a Nikerle, Michal
|4 aut
|9 1097420
|
| 245 |
1 |
0 |
|a Futbalový turnaj hasičských družstiev
|c Bc. Michal Nikerle
|
| 300 |
|
|
|b Fotogr.
|
| 610 |
2 |
7 |
|a Dobrovoľný hasičský zbor (Gerlachov, Slovensko)
|2 pppkcl
|9 234358
|
| 611 |
2 |
7 |
|a O pohár predsedu Dobrovoľného hasičského zboru v Spišskom Bystrom
|d (2013 :
|c Spišské Bystré, Slovensko)
|2 pppkcl
|9 1593445
|
| 648 |
|
7 |
|a 3.3.2013
|2 pppkcl
|9 1098052
|
| 650 |
0 |
7 |
|a dobrovoľné hasičské zbory
|2 pppkcl
|9 75563
|
| 650 |
0 |
7 |
|a futbal
|2 pppkcl
|9 3291
|
| 651 |
|
7 |
|a Gerlachov (Poprad, Slovensko)
|2 pppkcl
|9 29307
|
| 651 |
|
7 |
|a Spišské Bystré (Slovensko)
|2 pppkcl
|9 54593
|
| 651 |
|
7 |
|a Poprad (Slovensko : okres)
|2 pppkcl
|9 28675
|
| 773 |
0 |
|
|t Gerlachovský informátor
|g Roč. X, č. 1 (2013), s. [3]
|
| 852 |
|
|
|a PPPK
|b KIS3GCP
|
| 999 |
|
|
|c 3272012
|d 3273942
|